Countries by Stereotypes - Statistics

General Stats
  • This quiz has been taken 103 times
  • The average score is 12 of 15
Answer Stats
Stereotypes Answer % Correct
Potato lovers/ Leprechauns/ St. Patrick's Day Ireland
99%
Lots of obesity/ Lots of guns/ Stupid citizens USA
99%
Lots of guns/ Amazon river/ Famous footballers (soccer players) Brazil
97%
Minecraft/ IKEA/ Sophisticated furniture names Sweden
96%
Strong accent/ Lots of tea/ Bland food UK
96%
Civilians say "sorry" too much/ Cold weather/ Lots of maple syrup Canada
93%
K-Pop lovers/ Futuristic paradise/ Racism South Korea
93%
Inca civilization/ Machu Picchu/ Potato varieties Peru
87%
Nokia/ Happy people/ Northern Lights Finland
84%
Pirates/ Dangerous country/ Unrest Somalia
82%
Lots of mountains/ Electric cars/ Cold weather Norway
81%
Excellent climate/ High debt to GDP ratio/ Conflict with Türkiye Greece
74%
Lots of horses/ Sparsely populated/ Post-empire Mongolia
69%
Landmines/ Tall people/ Muslim persecution Bosnia & Herzegovina
23%
Muslim persecution/ Civil war/ Hot air balloons Myanmar
19%
No matching quizzes found
Score Distribution
Percent of People with Each Score
Percentile by Number Answered
Your Score History
You have not taken this quiz